KOHA-Header-6

Dastan-e-Musoleni : Aap Beti (Record no. 6313)

000 -LEADER
fixed length control field 00266nam a2200109Ia 4500
100 ## - MAIN ENTRY--AUTHOR NAME
Personal name Benito Musoleni
245 #0 - TITLE STATEMENT
Title Dastan-e-Musoleni : Aap Beti
260 ## - PUBLICATION, DISTRIBUTION, ETC. (IMPRINT)
Place of publication Lahore
Name of publisher Fiction House
Year of publication 1994
300 ## - PHYSICAL DESCRIPTION
Number of Pages 252
942 ## - ADDED ENTRY ELEMENTS (KOHA)
Koha item type Books
Holdings
Withdrawn status Lost status Collection code Permanent Location Current Location Shelving location Date acquired Full call number Accession Number Koha item type
    Urdu Literature MAJU MAJU   2019-09-07 891.41 4172 Urdu Literature

Powered by Koha